| 000 | 02161nam0a2200349 4500 | ||
|---|---|---|---|
| 001 | RU\NLR\BIBL_A\022634006 | ||
| 005 | 20251205123557.0 | ||
| 010 |
_a978-5-4473-0463-8 _9500 |
||
| 021 |
_aRU _bКН-П-25-048298 _9КН-П-25-4678 |
||
| 035 | _a(NLR Aleph) 022634006 | ||
| 090 |
_a13497393 _c13497393 |
||
| 100 | _a20251001d2025 k y0rusy50 ca | ||
| 101 | 0 | _arus | |
| 102 | _aRU | ||
| 105 | _aa|||z|||000yy | ||
| 181 | 0 |
_ai3 _baxxe |
|
| 182 | 0 | _an | |
| 200 | 1 |
_aАгрофизические свойства почвы в полевых севооборотах юго-востока ЦЧЗ _eмонография _fТурусов В. И., Абанина О. А. _gМинистерство науки и высшего образования Российской Федерации (Минобрнауки России), Федеральное государственное бюджетное научное учреждение "Воронежский федеральный аграрный научный центр им. В. В. Докучаева" (ФГБНУ "Воронежский ФАНЦ им. В. В. Докучаева) |
|
| 203 |
_aТекст _bвизуальный _cнепосредственный |
||
| 210 |
_aКаменная Степь _c[б. и.] _aВоронеж _cИстоки _d2025 |
||
| 215 |
_a136 с. _cил., табл. _d21 |
||
| 320 | _aБиблиогр.: с. 92-105 (211 назв.) | ||
| 606 | 1 |
_aПочвы _xФизические свойства _xВлияние травосеяния _yРоссийская Федерация _yЧернозёмный центр _2nlr_sh2 _3RU\NLR\AUTH\6601763578 |
|
| 606 | 1 |
_aЧернозёмы _xСевообороты _xВлияние травосеяния _yРоссийская Федерация _yЧернозёмный центр _2nlr_sh2 _3RU\NLR\AUTH\6601763577 |
|
| 686 | 1 | _aП032.2(2Р345) | |
| 686 | 1 | _aП034.17(2Р345) | |
| 686 | 1 | _aП141.8(2Р345) | |
| 700 | 1 |
_aТурусов _bВ. И. _f1957- _gВиктор Иванович |
|
| 701 | 1 |
_aАбанина _bО. А. _gОльга Александровна |
|
| 942 | _cBOOK | ||
| 980 | _aNB | ||